|
|
|
|
| LEADER |
01265nam a2200289 a 4500 |
| 001 |
c000169009 |
| 003 |
CARM |
| 005 |
19890911000000.0 |
| 008 |
890907q19761988miu bm 000 0 eng d |
| 019 |
1 |
|
|a 6236257
|z 6236312
|5 LACONCORD2021
|
| 035 |
|
|
|a (OCoLC)220426181
|5 LACONCORD2021
|
| 040 |
|
|
|a VU
|b eng
|c VU
|d VU
|
| 043 |
|
|
|a n-us---
|
| 082 |
0 |
4 |
|a 507.1/073
|2 19
|
| 100 |
1 |
|
|a Hoover, John Michael,
|d 1925-
|
| 245 |
1 |
4 |
|a The effects of the Science Curriculum Improvement Study (SCIS) on science achievement of selected sixth trade students /
|c John Michael Hoover.
|
| 246 |
3 |
|
|a Science Curriculum Improvement Study.
|
| 260 |
|
|
|a Ann Arbor, Mich. :
|b University Microfilms International,
|c [19--]
|
| 300 |
|
|
|a 131 p. ;
|c 21 cm.
|
| 502 |
|
|
|a Thesis (Ed.D.)--Oregon State University, 1976.
|
| 504 |
|
|
|a Bibliography: p. 112-119.
|
| 610 |
2 |
0 |
|a Science Curriculum Improvement Study (University of California, Berkeley)
|
| 650 |
|
0 |
|a Science
|x Study and teaching (Primary)
|z United States.
|
| 710 |
2 |
|
|a Oregon State University.
|
| 852 |
8 |
|
|b CARM
|h A2:AN37E0
|i C06065
|p 0225743
|f BK
|
| 999 |
f |
f |
|i 53169203-32f6-5483-a175-dda725267580
|s 22625632-2c70-5dfe-b3d4-91f663a3fe33
|
| 952 |
f |
f |
|p Can circulate
|a CAVAL
|b CAVAL
|c CAVAL
|d CARM 1 Store
|e C06065
|f A2:AN37E0
|h Other scheme
|i book
|m 0225743
|